| 000 | 00419nam a2200157Ia 4500 | ||
|---|---|---|---|
| 008 | 230917s9999||||xx |||||||||||||| ||und|| | ||
| 020 | _cPON29.5 | ||
| 040 |
_e27139 _aMAIN |
||
| 041 | _aEnglish | ||
| 082 | _a801.95 A46H:A | ||
| 100 | _aHalliwell, Stephen | ||
| 245 | 0 | _aAristotle's poetics: A study of philosophical criticism | |
| 260 |
_aLondon _bGerald Duckworth & Co Ltd _c1986 |
||
| 300 | _a369 p. | ||
| 942 | _cBK | ||
| 999 |
_c55417 _d55417 |
||